00943cam a2200265 a 450000100060000000300080000600500170001400800410003103500190007204000230009104100080011408200310012224501310015325000120028426000550029630000260035150400510037750500210042865000340044965000390048365000360052270000280055871000350058674000560062138761BD-RjUL20211209052845.0160222s1985 bg b 001 0 eng  a(BD-RjUL)38870 aDLCcDLCdDLCbeng aeng00a297.77095492223bREP 198510aReports on Islamic education and Madrasah education in Bengal, 1861-1977 /ccompilation and annotation, Sekandar Ali Ibrahimy. a1st ed. aDhaka :bIslamic Foundation Bangladesh,c1985-1990 aIvi, 663 p. ;c22 cm. aIncludes bibliographical references and index.0 aVol. 3, V. 5 --  0aIslamic educationzBangladesh 0aEducationzIndiazBengalxHistory. 0aEducationzBangladeshxHistory.1 aIbrahimy, Sekandar Ali.2 aIslamic Foundation Bangladesh)0 aIslamic education and Madrasah education in Bengal.